000 00449nam a2200181Ia 4500
001 22460
005 20260414150832.0
008 260414t2008||||xx |||||||||||||| ||spa||
041 _aESP
082 _a621.38132
_bR71
100 _aRobbins, Allan H.
_eAUT
245 0 _aAnálisis de circuitos :
_bteoría y práctica
260 _c2008
300 _axix, 960 páginas :
_c27 cm.
650 _aTCA
654 _aCET
942 _cLIB
_dJUS
_fJUS
_2ddc
_n
999 _c22460
_d22460